| 000 | 01667nam a22002537a 4500 | ||
|---|---|---|---|
| 999 |
_c58163 _d58163 |
||
| 003 | Ge_BSU | ||
| 005 | 20210714135645.0 | ||
| 008 | 210714s2021 ge ||||| |||| 00| 0 geo d | ||
| 020 | _a9789941832413 | ||
| 041 | _ageo | ||
| 080 | _a94(479.22)"1921.02" ვ-13 | ||
| 100 | _4ვადაჭკორია, შოთა | ||
| 245 |
_aსაბჭოთა რუსეთთან საქართველოს დამარცხების ქრონიკა (1921 წელი) / _cშოთა ვადაჭკორია ; რედაქტორი ნუგზარ ზოსიძე ; საქართველოს ტექნიკური უნივერსიტეტი, სოციალურ მეცნიერებათა დეპარტამენტი. |
||
| 264 |
_aთბილისი : _bირიდა, _c2021. |
||
| 300 |
_a212 გვ. : _bრუკები ; _c29 სმ. |
||
| 500 | _aთავფურცელზე: ავტორის მინაწერი. | ||
| 504 | _aბიბლიოგრაფია: გვ. 94-98. | ||
| 520 | _a რეზიუმე ინგლისურ ენაზე. | ||
| 653 | _aსაქართველოს ოკუპაცია რუსეთის მიერ | ||
| 653 | _aისტორია | ||
| 700 |
_aზოსიძე, ნუგზარ _eრედაქტორი _93940 |
||
| 710 |
_aსაქართველოს ტექნიკური უნივერსიტეტი _bსოციალურ მეცნიერებათა დეპარტამენტი. _912254 |
||
| 942 |
_2udc _cBK |
||